Eneida (Registro nro. 38599)

Detalles MARC
000 -CABECERA
Longitud fija campo de control 00599nam a2200217Ii 4500
003 - IDENTIFICADOR DEL NUMERO DE CONTROL
Identificador del número de control CO-ViMGA
008 - CODIGOS DE INFORMACION DE LONGITUD FIJA
Códigos de información de longitud fija 241108s9999||||xx |||||||||||||| ||und||
020 ## - NUMERO INTERNACIONAL NORMALIZADO PARA LIBROS
Número Internacional Normalizado para Libros (ISBN) 9789588826158
040 ## - FUENTE DE LA CATALOGACION
Centro catalogador de origen CO-ViMGA
Lengua de catalogación spa
Normas de descripción rda
Centro transcriptor CO-ViMGA
041 0# - CODIGO DE LENGUA
Código de lengua del texto/banda sonora o título independiente ita
084 ## - Clasificación Local Alfanúmerica PNLB
Número de clasificación P VIR1e
100 1# - PUNTO DE ACCESO PRINCIPAL-NOMBRE DE PERSONA
Nombre de persona 70-19 a. de J. C. Virgilio
245 10 - TITULO PROPIAMENTE DICHO
Título Eneida
264 #1 - PRODUCCION, PUBLICACION , DISTRIBUCION, FABRICACION Y COPYRIGHT
Lugar de producción, publicación, distribución, fabricación Roma, Italia : Mundo Litografico, 2014
300 ## - DESCRIPCION FISICA
Extensión volumen
336 ## - TIPO DE CONTENIDO
Término de tipo de contenido text
Código de tipo de contenido txt
Fuente rdacontent
337 ## - TIPO DE MEDIO
Nombre del tipo de medio unmediated
Código del tipo de medio n
Fuente rdamedia
338 ## - TIPO DE SOPORTE
Nombre del tipo de soporte volume
Código del tipo de soporte nc
Fuente rdacarrier
940 ## -
T&íacute;tulo uniforme <a href="idficha_siabuc: 19065. -- ficha_no_siabuc:19408">idficha_siabuc: 19065. -- ficha_no_siabuc:19408</a>
Existencias
Perdido Estado Físico No para pr&eacute;stamo Forma de adquisición Localizaci&oacute;n permanente Localizaci&oacute;n actual Localización en estanterías Fecha adquisici&oacute;n Signatura completa C&oacute;digo de barras Fecha &uacute;ltima consulta N&uacute;mero de copia Fecha del precio de reemplazo Tipo de item de Koha Note p&uacute;blica Fuente de clasificaci&oacute;n o esquema Pr&eacute;stamos totales
      Infantil Biblioteca Pública Puerto López - Jorge Eliecer Gaitán Biblioteca Pública Puerto López - Jorge Eliecer Gaitán Sala Infantil 06/17/2025 P VIR1e PLZ01580 06/17/2025 Ej.1 06/17/2025 Libro Infantil   Dewey Decimal Classification  
      Colección Sala Infantil de Literatura Pocatil y Tilín Biblioteca Pública Departamental Eduardo Carranza - Villavicencio Biblioteca Pública Departamental Eduardo Carranza - Villavicencio Sala Infantil 03/28/2017 P VIR1e ECA25136 11/25/2024 Ej.2 11/25/2024 LIbro 19065 | 24323    
      Colección Sala Infantil de Literatura Pocatil y Tilín Biblioteca Pública Departamental Eduardo Carranza - Villavicencio Biblioteca Pública Departamental Eduardo Carranza - Villavicencio Sala Infantil 03/28/2017 P VIR1e ECA25134 11/25/2024 Ej.1 11/25/2024 LIbro 19065 | 24322    
      Infantil Biblioteca Pública San Juanito - Ernesto Maria Peña Romero Biblioteca Pública San Juanito - Ernesto Maria Peña Romero Sala Infantil 02/27/2026 P VIR1 SJU02838 02/27/2026 Ej.1 02/27/2026 Libro Infantil   Clasificación Local Facetada  









Instituto Departamental de Cultura del Meta - Red Departamental de Bibliotecas Públicas del Meta.